[Event "Only players with personal info "]
[Site "http://www.queenalice.com/game.php?id=210805"]
[Date "2007.5.14"]
[Round "-"]
[White "argelo"]
[Black "chronorook"]
[Result "1-0"]
[WhiteElo "1744"]
[BlackElo "1748"]

1. c4 Nf6 2. Nf3 d6 3. d4 e6 4. Nc3 Bd7 5. e4 h6 6. Bd3 Be7 7. h3 O-O 8. O-O c6
9. e5 dxe5 10. dxe5 Nh7 11. Qe2 f5 12. exf6 Bxf6 13. Qc2 Ng5 14. Bxg5 Bxg5 15.
Ne4 Rxf3 16. gxf3 e5 17. Ng3 Bxh3 18. Rfd1 Qf6 19. Qe2 Nd7 20. Kh2 Be6 21. Kg2
Rf8 22. Rh1 Nc5 23. Bc2 Rd8 24. Rad1 Bf4 25. Rxd8+ Qxd8 26. Kf1 Qd4 27. b3 Nd7
28. Kg2 Nf6 29. Bd3 a6 30. Nh5 Nxh5 31. Rxh5 Qa1 32. Rh1 Qd4 33. Qe4 Qxe4 34.
fxe4 b6 35. f3 b5 36. Rd1 b4 37. c5 1-0

[Event "Challenge"]
[Site "http://www.queenalice.com/game.php?id=212313"]
[Date "2007.5.17"]
[Round "-"]
[White "argelo"]
[Black "Enrico"]
[Result "0-1"]
[WhiteElo "1764"]
[BlackElo "1744"]

1. Nf3 d5 2. d4 Nc6 3. g3 Bg4 4. Bg2 e6 5. O-O Nf6 6. c3 h6 7. h3 Bf5 8. Bf4 Bd6
9. Ne5 Nxe5 10. Bxe5 Bxe5 11. dxe5 Nd7 12. f4 f6 13. Qd4 fxe5 14. fxe5 Qe7 15.
Nd2 c5 16. Qe3 b6 17. Nf3 g5 18. g4 Be4 19. Rad1 Qg7 20. Nd2 Bxg2 21. Kxg2 O-O-O
22. Nf3 Rhf8 23. b4 c4 24. a4 Rf4 25. Rd4 Rxd4 26. Qxd4 Rf8 27. a5 Rf4 28. Qg1
Kb7 29. axb6 axb6 30. Ra1 Nxe5 31. Nd4 Nc6 32. e3 Re4 33. Rc1 Nxd4 34. exd4 Kc6
35. Qf2 Qa7 36. Qb2 e5 37. dxe5 Rxe5 38. Qf2 Qe7 39. Rc2 Re3 40. Qf5 Qe4+ 41.
Qxe4 Rxe4 42. Kf3 Rf4+ 43. Ke2 Re4+ 44. Kd2 Rf4 45. Ke2 d4 46. cxd4 Rxd4 47. Rc1
Kb5 48. Ke3 Rd3+ 49. Ke4 Kxb4 50. Rb1+ Kc5 0-1

[Event "Only players with personal info "]
[Site "http://www.queenalice.com/game.php?id=215777"]
[Date "2007.5.24"]
[Round "-"]
[White "argelo"]
[Black "chessman"]
[Result "1/2-1/2"]
[WhiteElo "1749"]
[BlackElo "1982"]

1. e4 e6 2. d4 d5 3. Nc3 Nf6 4. Bg5 Be7 5. e5 Nfd7 6. Bxe7 Qxe7 7. f4 c5 8. Nf3
a6 9. dxc5 Qxc5 10. Qd4 Nc6 11. Qxc5 Nxc5 12. Bd3 Nb4 13. Rd1 Ncxd3+ 14. cxd3
O-O 15. O-O Bd7 16. Rf2 Nc6 17. d4 Na7 18. Rc1 Rac8 19. Rfc2 Nb5 20. Nxb5 Rxc2
21. Rxc2 Bxb5 22. Nd2 h6 23. g3 Bc6 24. a3 Rc8 25. b4 Kf8 26. Kf2 Bd7 27. Rxc8+
Bxc8 28. Nb3 b6 29. Ke2 Bd7 30. h4 Bb5+ 31. Kd2 Bc4 32. Kc3 Bxb3 33. Kxb3 h5 34.
b5 a5 35. a4 Kg8 36. Kc3 Kh7 37. Kd3 Kg6 38. Ke3 Kf5 39. Kf3 f6 40. Ke3 Kg4 41.
Kf2 f5 42. Kg2 g6 43. Kf2 Kh3 44. Kf3 Kh2 45. Kf2 1/2-1/2

[Event "Only players with personal info "]
[Site "http://www.queenalice.com/game.php?id=215778"]
[Date "2007.5.24"]
[Round "-"]
[White "jose50"]
[Black "argelo"]
[Result "1-0"]
[WhiteElo "1992"]
[BlackElo "1750"]

1. e4 c5 2. Nf3 d6 3. Bc4 Nf6 4. Nc3 e6 5. d3 Nc6 6. Bf4 b6 7. Bb5 Bd7 8. Ba4 a6
9. a3 Be7 10. h3 O-O 11. O-O d5 12. e5 Nh5 13. Bxc6 Bxc6 14. Bd2 d4 15. Ne4 f5
16. exf6 Nxf6 17. Neg5 Bd5 18. Re1 Nd7 19. Nxe6 Bxe6 20. Rxe6 Re8 21. c3 Bf6 22.
Qb3 Kf8 23. Rxe8+ Qxe8 24. Re1 Qf7 25. Re6 Rb8 26. Bf4 Rb7 27. Bd6+ Kg8 28. Re8+
1-0

[Event "Let's Play Chess!"]
[Site "http://www.queenalice.com/game.php?id=219784"]
[Date "2007.6.2"]
[Round "-"]
[White "GildemarSantos"]
[Black "argelo"]
[Result "0-1"]
[WhiteElo "1987"]
[BlackElo "1765"]

1. e4 c6 2. d4 d5 3. Nd2 dxe4 4. Nxe4 Bf5 5. Ng3 Bg6 6. h4 h6 7. Nf3 Nd7 8. Bd3
Bxd3 9. Qxd3 Qc7 10. Be3 e6 11. O-O-O Ndf6 12. Ne5 Bd6 13. f4 O-O-O 14. Ne4 Nxe4
15. Qxe4 Nf6 16. Qd3 Nd5 17. Bd2 Bxe5 18. fxe5 Qb6 19. Qa3 Qa6 20. Qxa6 bxa6 21.
Rhf1 Rdf8 22. Rf3 Kb7 23. Rdf1 f5 24. exf6 Rxf6 25. g4 Rhf8 26. Rxf6 Rxf6 27.
Rxf6 Nxf6 28. g5 hxg5 29. Bxg5 Nh5 30. Kd2 Kc7 31. Ke3 Kd6 32. Kd3 g6 0-1

[Event "Let's Play Chess!??!"]
[Site "http://www.queenalice.com/game.php?id=222471"]
[Date "2007.6.8"]
[Round "-"]
[White "Andre251"]
[Black "argelo"]
[Result "0-1"]
[WhiteElo "1713"]
[BlackElo "1790"]

1. e4 e5 2. Bc4 Nc6 3. Qf3 Nf6 4. d3 Na5 5. Na3 Nxc4 6. Nxc4 d6 7. h3 b6 8. g4
g6 9. Bg5 Be7 10. Bxf6 Bxf6 11. O-O-O Bb7 12. Qg3 Bg5+ 13. Kb1 Qe7 14. Nf3 Bf4
15. Qg2 O-O-O 16. h4 d5 17. exd5 Bxd5 18. Rhe1 Bxc4 19. dxc4 Kb8 20. a3 Rhe8 21.
c5 Qxc5 22. Qf1 f5 23. gxf5 gxf5 24. Ng5 Qe7 25. Nf3 e4 26. Nd4 Qc5 27. c3 Kb7
0-1

[Event "Jogo"]
[Site "http://www.queenalice.com/game.php?id=258704"]
[Date "2007.8.20"]
[Round "-"]
[White "mauricio_sm"]
[Black "argelo"]
[Result "1/2-1/2"]
[WhiteElo "1820"]
[BlackElo "1763"]

1. e4 c5 2. Nc3 Nc6 3. Nf3 e6 4. Bb5 Nge7 5. d3 a6 6. Bxc6 Nxc6 7. a3 Be7 8. O-O
O-O 9. Re1 b5 10. Be3 d6 11. d4 cxd4 12. Nxd4 Bb7 13. h3 Nxd4 14. Bxd4 Bh4 15.
Qg4 Qg5 16. Qxg5 Bxg5 17. Be3 Bf6 18. Bd2 Rac8 19. Re3 Rfe8 20. Rd1 Bxc3 21.
Bxc3 d5 22. exd5 Bxd5 23. Bd4 Rxc2 24. Bc3 h6 25. Rd2 Rxd2 26. Bxd2 Rc8 27. Bc3
g6 28. Bf6 h5 29. Rc3 Rxc3 30. Bxc3 f5 31. f3 Kf7 32. Kf2 Ke7 33. Be5 Kd7
1/2-1/2

[Event "Rivincita?"]
[Site "http://www.queenalice.com/game.php?id=263063"]
[Date "2007.8.29"]
[Round "-"]
[White "Enrico"]
[Black "argelo"]
[Result "0-1"]
[WhiteElo "1793"]
[BlackElo "1834"]

1. e4 d6 2. Nc3 c6 3. Bc4 Nf6 4. Nf3 e6 5. d3 Be7 6. O-O O-O 7. Be3 b5 8. Bb3 a6
9. a3 h6 10. h3 Bb7 11. Ba2 d5 12. e5 Nh7 13. d4 Bg5 14. Qd2 Nd7 15. Bxg5 Nxg5
16. Nxg5 Qxg5 17. Qxg5 hxg5 18. Ne2 a5 19. c3 b4 20. axb4 axb4 21. Bb3 Ba6 22.
Rfe1 Bxe2 23. Rxa8 Rxa8 24. Rxe2 Ra1+ 25. Kh2 bxc3 26. bxc3 Nb6 27. Ra2 Rxa2 28.
Bxa2 Nd7 29. c4 dxc4 30. Bxc4 Nb6 31. Ba6 Na4 32. Kg3 f6 33. Bb7 fxe5 34. dxe5
c5 35. Ba6 Kf7 36. Kg4 Nb6 37. Kxg5 c4 38. Kf4 c3 39. Ke3 Nd5+ 40. Kd3 Nb4+ 41.
Kxc3 Nxa6 42. f4 Nc7 43. g4 Nd5+ 44. Kd4 Nxf4 45. h4 Ng6 46. h5 Nf4 47. Ke4 g5
48. Kf3 Nd3 49. Ke4 Nf4 50. Kf3 Kg7 51. Ke4 Kh6 52. Kf3 Nd3 53. Ke4 Nc5+ 54. Kd4
Nb7 55. Ke4 Nd8 56. Kd4 Nf7 57. Ke4 Kg7 58. Kd4 Kf8 59. Ke4 Ke7 60. Kd4 Kd7 61.
Ke4 Kc6 62. Kd4 Kb5 63. Ke4 Kc5 64. Ke3 Kd5 65. Kf3 Kxe5 66. Ke3 Nh6 67. Kf3 Kd4
68. Kg3 e5 69. Kf3 e4+ 70. Ke2 Nxg4 71. Ke1 Kd3 72. Kf1 Kd2 73. Kg2 Nf6 74. h6
g4 75. Kg3 e3 76. h7 Nxh7 77. Kxg4 Nf6+ 78. Kf3 e2 0-1

[Event "Enrico"]
[Site "http://www.queenalice.com/game.php?id=268804"]
[Date "2007.9.8"]
[Round "3"]
[White "argelo"]
[Black "amed66"]
[Result "0-1"]
[WhiteElo "1758"]
[BlackElo "2386"]

1. d4 d5 2. Nf3 Nf6 3. e3 e6 4. c4 dxc4 5. Bxc4 c5 6. O-O a6 7. a4 Nc6 8. Nc3
Be7 9. Qe2 O-O 10. Rd1 Qc7 11. h3 Rd8 12. b3 Na5 13. dxc5 Rxd1+ 14. Nxd1 Nxc4
15. Qxc4 Qxc5 16. Nb2 b6 17. Nd4 Bb7 18. Bd2 Ne4 19. Bc3 Nxc3 20. Rc1 Na2 21.
Nd3 Qg5 22. Nf3 Bxf3 0-1

[Event "Only players with personal info "]
[Site "http://www.queenalice.com/game.php?id=329208"]
[Date "2008.1.2"]
[Round "-"]
[White "spawnwolfwolverine"]
[Black "argelo"]
[Result "0-1"]
[WhiteElo "1546"]
[BlackElo "1845"]

1. c4 e5 2. d3 Nf6 3. e4 Bc5 4. Nf3 Nc6 5. Be2 d6 6. O-O O-O 7. Bg5 h6 8. Bxf6
Qxf6 9. a3 a6 10. Nbd2 Nd4 11. Nxd4 Bxd4 12. Rb1 Qg6 13. g3 Bh3 14. Re1 f5 15.
Bf1 Bg4 16. Be2 Qf6 17. Bxg4 fxg4 18. Re2 Bxf2+ 19. Rxf2 Qxf2+ 20. Kh1 Rf6 21.
Nb3 Raf8 22. Nd2 Qe3 23. b4 Rf2 24. Rb2 Qxd3 25. Kg1 Qe3 26. Kh1 Qxa3 27. Rc2
Qxb4 28. c5 Qb5 29. cxd6 cxd6 30. Rc7 Rxd2 31. Qxd2 Qf1# 0-1

[Event "Only players with personal info "]
[Site "http://www.queenalice.com/game.php?id=329209"]
[Date "2008.1.2"]
[Round "-"]
[White "argelo"]
[Black "spawnwolfwolverine"]
[Result "1-0"]
[WhiteElo "1849"]
[BlackElo "1588"]

1. c4 c5 2. Nf3 d6 3. b3 e5 4. Nc3 Nf6 5. e3 Be7 6. Be2 O-O 7. O-O b6 8. d4 Bb7
9. d5 a6 10. e4 Nbd7 11. Be3 h6 12. h3 Nh7 13. Nh2 f6 14. Bh5 a5 15. Qf3 Ng5 16.
Qg3 Kh7 17. h4 Nf7 18. Bxf7 Rxf7 19. h5 g5 20. hxg6+ Kg7 21. gxf7+ Kxf7 22. Bxh6
Qg8 23. Qh3 Nf8 24. Ng4 Qg6 25. f4 exf4 26. Rxf4 f5 27. Raf1 Bc8 28. exf5 Qxh6
29. Qxh6 Bd7 30. f6 Bxg4 31. Qg7+ Ke8 32. Qxe7# 1-0

[Event "Enrico"]
[Site "http://www.queenalice.com/game.php?id=334806"]
[Date "2008.1.11"]
[Round "4"]
[White "Enrico"]
[Black "argelo"]
[Result "0-1"]
[WhiteElo "1805"]
[BlackElo "1842"]

1. e4 e5 2. Nf3 d6 3. Nc3 Nf6 4. Bc4 h6 5. d3 Be7 6. Be3 Nc6 7. h3 a6 8. a3 Be6
9. Bxe6 fxe6 10. O-O Qd7 11. Qe2 O-O 12. b3 d5 13. exd5 exd5 14. Bd2 Bc5 15. b4
Nd4 16. Nxd4 Bxd4 17. Rab1 Qc6 18. Rb3 Qe6 19. Nd1 Rae8 20. Bc3 Bxc3 21. Rxc3 c6
22. Re1 Qf5 23. f3 Nd7 24. Nf2 h5 25. a4 g6 26. Qd2 Kg7 27. a5 Qf4 28. Qxf4 exf4
29. Rxe8 Rxe8 30. Kf1 Kf6 31. d4 Kf5 32. Rd3 g5 33. c3 Nf6 34. Nd1 g4 35. hxg4+
hxg4 36. fxg4+ Kxg4 37. Rh3 Kg5 38. Kf2 Re7 39. Rh1 Ng4+ 40. Kf3 Ne3 41. Nxe3
Rxe3+ 42. Kf2 Rxc3 43. Rh7 Rc4 44. Rxb7 Rxd4 45. Rg7+ Kf5 46. Ra7 Rxb4 47. Rc7
Rb5 48. Rxc6 Rxa5 49. Kf3 Ra3+ 50. Kf2 d4 51. Rc5+ Ke4 52. Rc4 a5 53. Rc2 a4 54.
Re2+ Kf5 55. Rb2 Rb3 56. Ra2 a3 57. Ke2 Rb2+ 0-1

[Event "Torneo Italiano"]
[Site "http://www.queenalice.com/game.php?id=340561"]
[Date "2008.1.22"]
[Round "3"]
[White "albi"]
[Black "argelo"]
[Result "1-0"]
[WhiteElo "1871"]
[BlackElo "1857"]

1. e4 e5 2. Nf3 d6 3. d4 Nf6 4. dxe5 Nxe4 5. Qe2 d5 6. Nbd2 Nc5 7. Nd4 g6 8. f4
Bg7 9. b4 Ne6 10. N2f3 O-O 11. f5 Nxd4 12. Nxd4 Qh4+ 13. Qf2 Qxf2+ 14. Kxf2 Bxe5
15. c3 Bxd4+ 16. cxd4 Bxf5 17. Bb5 c6 18. Be2 Nd7 19. g4 Be4 20. Rg1 Kg7 21. h4
f5 22. g5 Rae8 23. Bf4 Re6 24. h5 Rh8 25. h6+ Kf7 26. Rgc1 Ree8 27. a4 Nf8 28.
b5 Ne6 29. Be5 Rhg8 30. Bf6 Rc8 31. bxc6 bxc6 32. Ke3 Nf8 33. Be5 Nd7 34. Bf4
Ke6 35. Ba6 Rcd8 36. Rxc6+ Kf7 37. Bd6 Rge8 38. Kf2 Re6 39. Rac1 Nb6 40. Rc7+
Rd7 41. Rxd7+ Nxd7 42. Rc6 Rxd6 43. Rxd6 Ke7 44. Rc6 1-0

[Event "Only players with personal info "]
[Site "http://www.queenalice.com/game.php?id=346958"]
[Date "2008.2.2"]
[Round "-"]
[White "argelo"]
[Black "capeleite"]
[Result "0-1"]
[WhiteElo "1845"]
[BlackElo "2125"]

1. b3 e5 2. Bb2 Nc6 3. c4 Nf6 4. e3 Be7 5. d3 d5 6. cxd5 Qxd5 7. Nc3 Bb4 8. Nf3
O-O 9. Be2 Qa5 10. Qc2 Nd5 11. Kd2 Nxc3 12. Bxc3 Rd8 13. Bxb4 Nxb4 14. Qc3 e4
15. Ne1 Qb6 16. Kc1 Bf5 17. dxe4 Bxe4 18. Bf3 Nd3+ 19. Nxd3 Rxd3 20. Qc4 Qf6 21.
Rb1 Rc3+ 0-1

[Event "Only players with personal info "]
[Site "http://www.queenalice.com/game.php?id=348057"]
[Date "2008.2.4"]
[Round "-"]
[White "argelo"]
[Black "Strogenstein"]
[Result "1-0"]
[WhiteElo "1834"]
[BlackElo "1702"]

1. Nf3 d5 2. d4 Bg4 3. e3 Nf6 4. Be2 g6 5. Nc3 Bg7 6. h3 Be6 7. Ng5 O-O 8. Nxe6
fxe6 9. O-O Nbd7 10. Bg4 c5 11. Bxe6+ Kh8 12. Bxd5 Nxd5 13. Nxd5 cxd4 14. exd4
Nb8 15. Nf4 Qd6 16. Qf3 Nc6 17. c3 g5 18. g3 gxf4 19. Bxf4 Qg6 20. Kh2 b6 21.
Qg4 1-0

[Event "Challenge"]
[Site "http://www.queenalice.com/game.php?id=350759"]
[Date "2008.2.8"]
[Round "-"]
[White "argelo"]
[Black "Eclesiastes"]
[Result "1-0"]
[WhiteElo "1818"]
[BlackElo "1812"]

1. e4 e5 2. f4 exf4 3. Nf3 g5 4. d4 Qe7 5. Nc3 h5 6. Nd5 Qxe4+ 7. Qe2 Qxe2+ 8.
Bxe2 Nc6 9. Nxc7+ Kd8 10. Nxa8 d6 11. Nxg5 Nh6 12. Bxf4 Nxd4 13. Bd3 f6 14. Ne4
Bf5 15. O-O 1-0

[Event "Challenge"]
[Site "http://www.queenalice.com/game.php?id=387331"]
[Date "2008.4.14"]
[Round "-"]
[White "argelo"]
[Black "sioux"]
[Result "1/2-1/2"]
[WhiteElo "1848"]
[BlackElo "1706"]

1. e4 c5 2. Nf3 d6 3. d4 cxd4 4. Nxd4 e5 5. Bb5+ Nd7 6. Nf5 Nf6 7. Nc3 b6 8.
Nxd6+ Bxd6 9. Qxd6 Qe7 10. Qc6 Rb8 11. Bg5 O-O 12. O-O Bb7 13. Qc4 a6 14. Bxd7
Qxd7 15. Bxf6 gxf6 16. Rad1 Qe6 17. Qxe6 fxe6 18. f3 b5 19. a3 f5 20. b4 Rbc8
21. Rd3 fxe4 22. fxe4 Rc4 23. Rxf8+ Kxf8 24. Re3 Kg8 25. Kf2 Bc8 26. Ke2 Bd7 27.
Rd3 Be8 28. Ke3 Bg6 29. Ne2 Bxe4 30. Rd6 Bxg2 31. Rxe6 Rxc2 32. Rxe5 Bf1 33. Kf2
Bxe2 34. Rxe2 Rxe2+ 35. Kxe2 Kg7 36. Kf3 h5 37. h4 Kg6 1/2-1/2

[Event "Gangster"]
[Site "http://www.queenalice.com/game.php?id=412094"]
[Date "2008.6.3"]
[Round "-"]
[White "Rapha66"]
[Black "argelo"]
[Result "1-0"]
[WhiteElo "1876"]
[BlackElo "1824"]

1. d4 d5 2. e3 Nf6 3. c4 c6 4. cxd5 cxd5 5. Bb5+ Bd7 6. Qb3 Bxb5 7. Qxb5+ Qd7 8.
Nc3 e6 9. a3 a6 10. Qxd7+ Nbxd7 11. Nf3 Bd6 12. O-O O-O 13. Re1 b5 14. e4 dxe4
15. Nxe4 Nxe4 16. Rxe4 Rac8 17. Bd2 Rfd8 18. Rd1 Rc2 19. Bc3 Nf6 20. Ree1 Bxa3
21. Ba5 Rdc8 22. bxa3 Nd5 23. Bd2 Ra2 24. Bb4 Nf6 25. Rd2 Rcc2 26. Red1 Rxd2 27.
Nxd2 Nd5 28. Rc1 g6 29. Ne4 a5 30. Bd6 b4 31. axb4 axb4 32. Be5 Ra8 33. Nf6+
Nxf6 34. Bxf6 b3 35. Rb1 Rc8 36. g3 Rb8 37. Kf1 1-0

[Event "Challenge"]
[Site "http://www.queenalice.com/game.php?id=434648"]
[Date "2008.7.17"]
[Round "-"]
[White "Andre251"]
[Black "argelo"]
[Result "1-0"]
[WhiteElo "1785"]
[BlackElo "1842"]

1. e4 e5 2. Bc4 Nf6 3. d3 Nc6 4. c3 Bc5 5. h3 O-O 6. g4 d6 7. Nf3 h6 8. g5 Nxe4
9. dxe4 h5 10. g6 Be6 11. Bxe6 fxe6 12. Rf1 Qf6 13. Nbd2 Qxg6 14. Qe2 Qf6 15. h4
g6 16. Ng5 Kg7 17. Ndf3 a6 18. Be3 Bxe3 19. fxe3 Qe7 20. Kd2 Rad8 21. Rad1 d5
22. exd5 exd5 23. Kc2 d4 24. exd4 exd4 25. Qxe7+ Nxe7 26. Ne6+ 1-0

[Event "Torneo Italiano"]
[Site "http://www.queenalice.com/game.php?id=477308"]
[Date "2008.10.14"]
[Round "4"]
[White "argelo"]
[Black "serse"]
[Result "0-1"]
[WhiteElo "1812"]
[BlackElo "2326"]

1. d4 Nf6 2. Nf3 g6 3. g3 Bg7 4. Bg2 O-O 5. O-O d6 6. Nc3 d5 7. Bg5 c6 8. Re1
Ne4 9. Nxe4 dxe4 10. Nd2 h6 11. Be3 Bxd4 12. Bxd4 Qxd4 13. c3 Qb6 14. Nb3 e3 15.
f3 Rd8 16. Qc2 Bf5 17. Qc1 e5 18. Rd1 Rd2 19. Kf1 Rc2 0-1